[Event "Wuerttemberg-chT Rapid"]
[Site "Boeblingen"]
[Date "2024.04.13"]
[Round "9.20"]
[White "Kaufmann, Guenther"]
[Black "Birkenmaier, Rainer"]
[Result "0-1"]
[WhiteElo "1852"]
[BlackElo "2111"]
[PlyCount "76"]
[EventDate "2024.04.13"]
[EventType "team-tourn"]
[EventRounds "9"]
[EventCountry "GER"]
[SourceTitle "CB17_2024"]
[SourceDate "2024.04.24"]
[SourceVersion "1"]
[SourceVersionDate "2024.04.24"]
[SourceQuality "1"]

1. e4 g6 2. d4 Bg7 3. f4 c6 4. Nf3 d5 5. e5 Bg4 6. Be2 e6 7. 0-0 h5 8. c4 dxc4 9. Bxc4 Ne7 10. Nc3 Nf5 11. h3 Bxf3 12. Rxf3 Nd7 13. Ne4 Nb6 14. Bb3 0-0 15. Be3 Nd5 16. Bf2 h4 17. Rc1 Qe7 18. Qe1 Rfd8 19. Ng5 Qb4 20. Qe4 a5 21. Rc4 Qe7 22. a4 Rac8 23. Qe1 Nb6 24. Rc1 Nxd4 25. Bxd4 Rxd4 26. Qxh4 Rcd8 27. Qh7+ Kf8 28. Bxe6 Rd1+ 29. Rxd1 Rxd1+ 30. Kh2 fxe6 31. Qxg6 Rd7 32. Nxe6+ Kg8 33. Rg3 Qf7 34. f5 Qxg6 35. Rxg6 Re7 36. Rxg7+ Rxg7 37. Nxg7 Kxg7 38. g4 Nxa4 0-1

[Event "Wuerttemberg-chT Rapid"]
[Site "Boeblingen"]
[Date "2024.04.13"]
[Round "8.32"]
[White "Merkel, Philip"]
[Black "Kaufmann, Guenther"]
[Result "1/2-1/2"]
[WhiteElo "1726"]
[BlackElo "1852"]
[PlyCount "109"]
[EventDate "2024.04.13"]
[EventType "team-tourn"]
[EventRounds "9"]
[EventCountry "GER"]
[SourceTitle "CB17_2024"]
[SourceDate "2024.04.24"]
[SourceVersion "1"]
[SourceVersionDate "2024.04.24"]
[SourceQuality "1"]

1. e4 c5 2. c3 d5 3. exd5 Qxd5 4. Nf3 Bg4 5. Be2 Nf6 6. Na3 a6 7. Nc2 e6 8. Ne3 Qd8 9. Nxg4 Nxg4 10. h3 Nf6 11. d4 Nc6 12. Be3 cxd4 13. Nxd4 Ne5 14. 0-0 Be7 15. Qc2 0-0 16. Rad1 Qa5 17. b3 Rac8 18. c4 b5 19. Nf3 bxc4 20. Nxe5 cxb3 21. Qxb3 Qxe5 22. Bxa6 Rc3 23. Bd4 Rxb3 24. Bxe5 Ra3 25. Bc4 Ne4 26. Rd3 h6 27. Rfd1 Bc5 28. Rxa3 Bxa3 29. Rd7 Bc5 30. Bd4 Ra8 31. Bxc5 Nxc5 32. Rc7 Ne4 33. Rc6 Nd2 34. Bb3 Nxb3 35. axb3 Rb8 36. Rc3 Kf8 37. Kf1 Ke7 38. Ke2 Kd6 39. Kd3 Kd5 40. f3 Rb7 41. Kc2 e5 42. Rc4 f5 43. Kc3 e4 44. fxe4+ fxe4 45. Rd4+ Ke5 46. b4 Kf4 47. g3+ Kf3 48. Kc4 e3 49. Rf4+ Kxg3 50. Re4 Kf2 51. Kd3 Rd7+ 52. Kc4 e2 53. Rf4+ Kg3 54. Re4 Kf3 55. Re8 1/2-1/2

[Event "Graz op-B 19th"]
[Site "Graz"]
[Date "2012.08.27"]
[Round "3"]
[White "Kaufmann, Guenther"]
[Black "Murko, David"]
[Result "1-0"]
[WhiteElo "1829"]
[BlackElo "1556"]
[PlyCount "91"]
[EventDate "2012.08.25"]
[EventType "swiss"]
[EventRounds "9"]
[EventCountry "AUT"]
[SourceTitle "CBM 150 Extra"]
[Source "ChessBase"]
[SourceDate "2012.10.19"]
[SourceVersion "1"]
[SourceVersionDate "2012.10.19"]
[SourceQuality "1"]

1. e4 e5 2. Nf3 Nf6 3. Nxe5 d6 4. Nf3 Nxe4 5. d4 d5 6. Bd3 Nc6 7. 0-0 Be7 8. Re1 Bf5 9. Nbd2 Nxd2 10. Bxd2 Bxd3 11. cxd3 0-0 12. a3 Bf6 13. Bc3 Qd6 14. Ne5 Rfe8 15. f4 Ne7 16. Bb4 Qd8 17. Qg4 Ng6 18. Bc3 Qd6 19. Re2 Qe6 20. f5 Nxe5 21. dxe5 Qb6+ 22. Bd4 h5 23. Bxb6 hxg4 24. Bxc7 Rac8 25. Bd6 Rcd8 26. Rae1 Bg5 27. d4 Bd2 28. Rxd2 Rxd6 29. Rc1 Rd7 30. Rdc2 Kh7 31. Kf2 g6 32. f6 Kh6 33. Rc7 Red8 34. Kg3 Kg5 35. Rxd7 Rxd7 36. Rc8 Kf5 37. Re8 Rc7 38. Re7 Rc4 39. Rxf7 Rxd4 40. Rxb7 Kxe5 41. f7 Rf4 42. Rxa7 d4 43. Re7+ Kd6 44. Kxf4 Kxe7 45. f8Q+ Kxf8 46. Ke4 1-0

[Event "Bad Woerishofen op 17th"]
[Site "Bad Woerishofen"]
[Date "2001.??.??"]
[Round "3"]
[White "Kaufmann, Guenther"]
[Black "Forster, Manfred"]
[Result "1-0"]
[WhiteElo "1643"]
[BlackElo "1900"]
[PlyCount "43"]
[EventDate "2001.03.15"]
[EventType "swiss"]
[EventRounds "9"]
[EventCountry "GER"]
[SourceTitle "CBM 081 Extra"]
[Source "ChessBase"]
[SourceDate "2001.05.06"]
[SourceVersion "1"]
[SourceVersionDate "2001.05.06"]
[SourceQuality "1"]

1. e4 d6 2. d4 g6 3. Nf3 Nf6 4. Nc3 Nbd7 5. Bc4 b6 6. Ng5 e6 7. Bxe6 Qe7 8. Bxf7+ Qxf7 9. Nxf7 Kxf7 10. 0-0 Bg7 11. f4 Ba6 12. Rf2 h5 13. h3 h4 14. e5 Nh5 15. f5 dxe5 16. fxg6+ Ke6 17. d5+ Ke7 18. Rf7+ Kd8 19. Qg4 Nhf6 20. Bg5 Bc8 21. Rxg7 Ke8 22. Qe6+ 1-0

[Event "Passau op 8th"]
[Site "Passau"]
[Date "2000.04.23"]
[Round "6"]
[White "Popow, Alexander"]
[Black "Kaufmann, Guenther"]
[Result "1-0"]
[WhiteElo "1942"]
[BlackElo "1750"]
[PlyCount "51"]
[EventDate "2000.04.21"]
[EventType "swiss"]
[EventRounds "7"]
[EventCountry "GER"]
[SourceTitle "CBM 076 Extra"]
[Source "ChessBase"]
[SourceDate "2000.07.11"]
[SourceVersion "1"]
[SourceVersionDate "2000.07.11"]
[SourceQuality "1"]

1. e4 c5 2. f4 e6 3. Nf3 d6 4. c3 Nc6 5. d4 cxd4 6. cxd4 Nf6 7. Nc3 Be7 8. Bd3 0-0 9. 0-0 a6 10. e5 dxe5 11. fxe5 Nd5 12. a3 f5 13. Bc4 b5 14. Ba2 Nc7 15. d5 exd5 16. Nxd5 Kh8 17. Nxe7 Qxe7 18. Qd6 Bb7 19. Bg5 Qxd6 20. exd6 Ne8 21. Be7 Nxe7 22. dxe7 Rf6 23. Rad1 Nd6 24. Rd4 Re8 25. Rfd1 Rxe7 26. Rxd6 1-0

[Event "Passau op 6th"]
[Site "Passau"]
[Date "1998.04.12"]
[Round "6"]
[White "Jehnichen, Guenther"]
[Black "Kaufmann, Guenther"]
[Result "1-0"]
[WhiteElo "1922"]
[BlackElo "1665"]
[PlyCount "102"]
[EventDate "1998.04.10"]
[EventType "swiss"]
[EventRounds "7"]
[EventCountry "GER"]
[SourceTitle "EXT 1999"]
[Source "ChessBase"]
[SourceDate "1998.11.16"]
[SourceVersion "1"]
[SourceVersionDate "1998.11.16"]
[SourceQuality "1"]

1. d4 Nf6 2. Bg5 Ne4 3. Bf4 e6 4. Nf3 d5 5. Nbd2 Bd6 6. Bg3 Nxg3 7. hxg3 Nc6 8. e4 dxe4 9. Nxe4 Be7 10. c3 Qd5 11. Nfd2 b6 12. Bc4 Qd7 13. Nf3 Bb7 14. Qe2 h6 15. 0-0-0 0-0-0 16. Bb5 Qd5 17. Bc4 Qf5 18. Nfd2 Na5 19. g4 Qg6 20. Bd3 f5 21. gxf5 exf5 22. Ng3 Qf7 23. Bxf5+ Kb8 24. Be6 Qg6 25. d5 Bg5 26. c4 Ba6 27. b3 Rhe8 28. Nge4 c6 29. Nxg5 Qxg5 30. Qe4 cxd5 31. cxd5 Qf6 32. Kb1 Bb7 33. Nc4 Nxc4 34. bxc4 Qxf2 35. Rhe1 Qc5 36. Rd2 Qb4+ 37. Rb2 Qc3 38. Re3 Qf6 39. Rf3 Qg5 40. Qf4+ Qxf4 41. Rxf4 Rf8 42. Rbf2 Rxf4 43. Rxf4 b5 44. Kb2 g5 45. Rf5 bxc4 46. Kc3 Ba6 47. g4 Kc7 48. Kd4 c3 49. Kxc3 Be2 50. Kd4 Rb8 51. Rf7+ Kd8 1-0